000 00349pam a2200157a 44500
008 230515b1992 xxu||||| |||| 00| 0 eng d
020 _aNULL
041 _aENGLISH
082 _aN.D.
100 _aJagdish Lal
245 _aFluid Mechanics & Hydraulic
250 _a0
260 _aNULL
_bMetropolotan
_c1992
300 _a1048
650 _aNULL
999 _c574253
_d574253